[Event "Muenster op"]
[Site "Muenster"]
[Date "1993.??.??"]
[Round "9"]
[White "Balashov, Yuri S"]
[Black "Roeder, Mathias"]
[Result "1-0"]
[WhiteElo "2520"]
[BlackElo "2425"]
[PlyCount "67"]
[EventDate "1993.10.??"]
[EventType "swiss"]
[EventRounds "9"]
[EventCountry "GER"]
[SourceTitle "EXT 1999"]
[Source "ChessBase"]
[SourceDate "1998.11.16"]
[SourceVersion "1"]
[SourceVersionDate "1998.11.16"]
[SourceQuality "1"]

1. e4 c5 2. Ne2 d6 3. g3 Nc6 4. Bg2 g6 5. c3 Bg7 6. d4 cxd4 7. cxd4 Bg4 8. f3
Bd7 9. Nbc3 Nf6 10. Be3 O-O 11. O-O e5 12. Qd2 exd4 13. Nxd4 Ne5 14. b3 Qa5 15.
Rad1 Rac8 16. Nde2 Rc6 17. h3 Bc8 18. Na4 Qa6 19. Nd4 Rc7 20. Nc3 Nc6 21. Ndb5
Rd7 22. a4 Qa5 23. Nd5 Nxd5 24. exd5 Qxd2 25. Rxd2 Na5 26. Rb1 b6 27. Bf1 Re8
28. Bf2 Rdd8 29. g4 Bh6 30. Rc2 Ba6 31. Nxa7 Bxf1 32. Kxf1 Be3 33. b4 Nb7 34.
Rc7 1-0

[Event "Kurgan"]
[Site "Kurgan"]
[Date "1994.??.??"]
[Round "10"]
[White "Chuprov, A."]
[Black "Balashov, Yuri S"]
[Result "0-1"]
[WhiteElo "2410"]
[BlackElo "2510"]
[PlyCount "82"]
[EventDate "1994.??.??"]
[EventType "tourn"]
[EventRounds "11"]
[EventCountry "RUS"]
[EventCategory "8"]
[SourceTitle "CBM 043"]
[Source "ChessBase"]
[SourceDate "1994.12.01"]
[SourceVersion "1"]
[SourceVersionDate "1994.12.01"]
[SourceQuality "1"]

1. e4 c5 2. Nf3 e6 3. c3 d5 4. e5 Bd7 5. d4 Qb6 6. a3 Ne7 7. dxc5 Qxc5 8. Nd4
Nbc6 9. Nb5 Nxe5 10. Qd4 Nf5 11. Qxc5 Bxc5 12. Nc7+ Ke7 13. Nxa8 Rxa8 14. Be2
d4 15. Bf4 Ng6 16. Bd2 Bc6 17. O-O Rd8 18. b4 Bb6 19. c4 d3 20. Bg4 Bd4 21. Ra2
b5 22. Re1 Kf6 23. cxb5 Bd5 24. Nc3 Bxa2 25. Nxa2 Ne5 26. Bxf5 Kxf5 27. Rc1 Ng4
28. Rc7 Nxf2 29. Kf1 Ne4 30. Ke1 e5 31. Rxf7+ Ke6 32. Rc7 Bf2+ 33. Kd1 Nxd2 34.
Kxd2 e4 35. Kd1 Be3 36. Nc3 Rf8 37. Ke1 Rf2 38. Nxe4 Rc2 39. Nc5+ Kf5 40. g4+
Kg5 41. Kf1 Rc1+ 0-1

[Event "Passau op 2nd"]
[Site "Passau"]
[Date "1994.??.??"]
[Round "?"]
[White "Pacl, Vaclav"]
[Black "Balashov, Yuri S"]
[Result "0-1"]
[WhiteElo "2300"]
[BlackElo "2510"]
[PlyCount "114"]
[EventDate "1994.??.??"]
[EventType "swiss"]
[EventRounds "7"]
[EventCountry "GER"]
[SourceTitle "EXT 1999"]
[Source "ChessBase"]
[SourceDate "1998.11.16"]
[SourceVersion "1"]
[SourceVersionDate "1998.11.16"]
[SourceQuality "1"]

1. e4 c5 2. Nf3 e6 3. Nc3 d6 4. d4 cxd4 5. Nxd4 a6 6. g3 Nf6 7. Bg2 Be7 8. O-O
Qc7 9. Be3 Nc6 10. Qe2 O-O 11. a4 Rb8 12. h3 Re8 13. Qc4 Bd8 14. Rfd1 Ne5 15.
Qxc7 Bxc7 16. Bf1 Ba5 17. Nde2 Rd8 18. Kg2 Bd7 19. f4 Nc4 20. Bc1 Bc6 21. Rd4
d5 22. e5 Ne8 23. Kh2 f6 24. exf6 Nxf6 25. b3 Nd6 26. Bb2 Nf5 27. Nd1 Nxd4 28.
Nxd4 Bd7 29. Bd3 Rbc8 30. Nf2 Re8 31. Nf3 Bc3 32. Bxc3 Rxc3 33. Ne5 Rec8 34. g4
Be8 35. Nd1 R3c7 36. Ne3 Nd7 37. Nf3 Nc5 38. Be2 Rf7 39. f5 exf5 40. Nxf5 Ne4
41. Bd3 Kf8 42. N3d4 Bd7 43. Bxe4 dxe4 44. Nd6 Rf2+ 45. Kg3 Rd2 46. Rf1+ Ke7
47. Nxc8+ Bxc8 48. c3 Rd3+ 49. Kf4 Rxc3 50. Re1 Rxh3 51. Rxe4+ Kd6 52. Nf3 h6
53. Rd4+ Ke7 54. Rc4 g5+ 55. Ke4 Bxg4 56. Ne5 Be6 57. Rc7+ Kd6 0-1

[Event "Vladivostok"]
[Site "Vladivostok"]
[Date "1994.??.??"]
[Round "2"]
[White "Balashov, Yuri S"]
[Black "Shuraev, Andrei"]
[Result "1-0"]
[WhiteElo "2505"]
[BlackElo "2410"]
[PlyCount "71"]
[EventDate "1994.??.??"]
[EventType "swiss"]
[EventRounds "9"]
[EventCountry "RUS"]
[SourceTitle "CBM 043 Extra"]
[Source "ChessBase"]
[SourceDate "1995.01.01"]
[SourceVersion "1"]
[SourceVersionDate "1995.01.01"]
[SourceQuality "1"]

1. e4 c5 2. Nc3 e6 3. Nf3 Nc6 4. Be2 Nf6 5. O-O d5 6. exd5 Nxd5 7. d4 Nxc3 8.
bxc3 Be7 9. Bd3 O-O 10. Be4 Bd7 11. Qe2 h6 12. Bf4 Re8 13. Rab1 Qc8 14. Rfd1 b6
15. Bd3 cxd4 16. Ba6 Qd8 17. Bb7 Rb8 18. Bxc6 Bxc6 19. Bxb8 Qxb8 20. Ne5 Bd5
21. cxd4 Bxa2 22. Rb2 Bd5 23. c4 Bb7 24. Qh5 f6 25. Qf7+ Kh7 26. Qg6+ Kg8 27.
Ng4 Kf8 28. Re2 Qc8 29. Re3 Bd6 30. Nxf6 gxf6 31. Qxf6+ Kg8 32. Rdd3 Qc7 33.
Rg3+ Bxg3 34. Rxg3+ Qxg3 35. hxg3 a5 36. d5 1-0

[Event "Staufer op 06th"]
[Site "Schwaebisch Gmuend"]
[Date "1994.??.??"]
[Round "6"]
[White "Balashov, Yuri S"]
[Black "Lupu, Mircea Sergiu"]
[Result "1-0"]
[WhiteElo "2510"]
[BlackElo "2430"]
[PlyCount "69"]
[EventDate "1994.01.??"]
[EventType "swiss"]
[EventRounds "9"]
[EventCountry "GER"]
[SourceTitle "EXT 1997"]
[Source "ChessBase"]
[SourceDate "1996.11.15"]
[SourceVersion "1"]
[SourceVersionDate "1996.11.15"]
[SourceQuality "1"]

1. e4 g6 2. d4 Bg7 3. Nf3 d6 4. Nc3 a6 5. a4 b6 6. Bc4 c6 7. O-O e6 8. Re1 Ne7
9. Bf4 h6 10. h4 Ra7 11. Ne2 Rd7 12. c3 Bb7 13. Ng3 c5 14. Bd3 cxd4 15. cxd4
Nbc6 16. Be3 O-O 17. Qd2 Kh7 18. h5 Ng8 19. Rac1 Kh8 20. Bxa6 Bxa6 21. Rxc6 Bb7
22. Rcc1 f5 23. hxg6 fxe4 24. Nh2 Qh4 25. Qe2 Nf6 26. Rc2 Ra8 27. Rec1 Ba6 28.
Qd1 Bd3 29. Rc8+ Rd8 30. Rxa8 Rxa8 31. Rc6 Bf8 32. Rc7 Kg8 33. Qc1 Nd5 34. Rc8
Ra7 35. Bxh6 1-0

[Event "St Petersburg op"]
[Site "St Petersburg"]
[Date "1994.??.??"]
[Round "1"]
[White "Balashov, Yuri S"]
[Black "Sofieva, Ainur"]
[Result "1-0"]
[WhiteElo "2510"]
[BlackElo "2385"]
[PlyCount "129"]
[EventDate "1994.02.??"]
[EventType "swiss"]
[EventRounds "9"]
[EventCountry "RUS"]
[SourceTitle "CBM 041"]
[Source "ChessBase"]
[SourceDate "1994.08.01"]
[SourceVersion "1"]
[SourceVersionDate "1994.08.01"]
[SourceQuality "1"]

1. e4 e5 2. Nf3 Nc6 3. Bb5 a6 4. Ba4 Nf6 5. O-O Be7 6. Re1 b5 7. Bb3 d6 8. c3
O-O 9. h3 Na5 10. Bc2 c5 11. d4 Qc7 12. Nbd2 cxd4 13. cxd4 Nc6 14. a3 Bd7 15.
d5 Na5 16. Nf1 Rfc8 17. Bd3 Qb8 18. Ng3 g6 19. b3 Bd8 20. Bd2 Bb6 21. Rb1 Ra7
22. Nh2 Rac7 23. Qf3 Ne8 24. Ne2 Qa7 25. Ng4 Bxg4 26. hxg4 f6 27. Rec1 Rxc1+
28. Nxc1 Rc7 29. Rb2 Bd4 30. Rb1 Bc3 31. Bh6 Nb7 32. Ne2 Bd4 33. Bd2 Bb6 34. b4
Nd8 35. Nc1 Nf7 36. Nb3 Ng5 37. Qe2 h6 38. Rc1 Rf7 39. Rc8 Qd7 40. Rc6 Qa7 41.
g3 Bxf2+ 42. Kg2 Bb6 43. Be1 Rc7 44. Qc2 Nf7 45. a4 bxa4 46. Nd2 a3 47. Nc4 Nd8
48. Rxc7 Qxc7 49. Qa4 Ng7 50. Qxa3 Bd4 51. Qxa6 Ne8 52. b5 Nb7 53. Qc6 Qf7 54.
b6 Nc5 55. Bc2 f5 56. exf5 Nf6 57. Nxd6 Qxd5+ 58. Qxd5+ Nxd5 59. Nc4 gxf5 60.
gxf5 e4 61. b7 Nxb7 62. Bxe4 Ne7 63. Bxb7 Nxf5 64. Bd2 Ng7 65. Be4 1-0

[Event "Kstovo op"]
[Site "Kstovo"]
[Date "1994.??.??"]
[Round "2"]
[White "Genba, Vladimir"]
[Black "Balashov, Yuri S"]
[Result "0-1"]
[WhiteElo "2430"]
[BlackElo "2505"]
[PlyCount "78"]
[EventDate "1994.08.??"]
[EventType "swiss"]
[EventRounds "9"]
[EventCountry "RUS"]
[SourceTitle "CBM 042 Extra"]
[Source "ChessBase"]
[SourceDate "1994.11.01"]
[SourceVersion "1"]
[SourceVersionDate "1994.11.01"]
[SourceQuality "1"]

1. e4 d6 2. g3 g6 3. Bg2 Bg7 4. Ne2 e5 5. O-O Nd7 6. c3 Ngf6 7. d4 O-O 8. f4
Re8 9. Qc2 Qe7 10. Nd2 b6 11. fxe5 dxe5 12. Nb3 a5 13. a4 Ba6 14. d5 Nc5 15.
Nxc5 Qxc5+ 16. Kh1 c6 17. dxc6 Rad8 18. Rf3 Qxc6 19. Bg5 Rd6 20. Bxf6 Bxf6 21.
Ng1 Red8 22. Qf2 Kg7 23. b4 Rd2 24. Qe3 R8d3 25. Qe1 Qxc3 26. Rxd3 Rxd3 27. Bf1
Bb7 28. bxa5 bxa5 29. Bxd3 Qxd3 30. h4 Bxe4+ 31. Kh2 Bc6 32. Qf2 Qd5 33. Ne2
Be7 34. Nc3 Qd3 35. Nb5 Bc5 36. Qb2 Qf3 37. Qxe5+ Kg8 38. Qb8+ Bf8 39. Rg1 Qf2+
0-1

[Event "Moscow op"]
[Site "Moscow"]
[Date "1995.??.??"]
[Round "2"]
[White "Balashov, Yuri S"]
[Black "Frolov, Denis"]
[Result "1-0"]
[WhiteElo "2505"]
[BlackElo "2355"]
[PlyCount "93"]
[EventDate "1995.??.??"]
[EventType "swiss"]
[EventRounds "9"]
[EventCountry "RUS"]
[SourceTitle "EXT 2000"]
[Source "ChessBase"]
[SourceDate "1999.11.16"]
[SourceVersion "1"]
[SourceVersionDate "1999.11.16"]
[SourceQuality "1"]

1. e4 e5 2. Nf3 Nc6 3. Bb5 a6 4. Ba4 Nf6 5. O-O Be7 6. Re1 b5 7. Bb3 O-O 8. d3
Bb7 9. Nbd2 d6 10. a3 Na5 11. Ba2 c5 12. Nf1 Re8 13. Ng3 g6 14. b4 cxb4 15.
axb4 Nc6 16. c3 Bf8 17. Ng5 Re7 18. Qb3 Qe8 19. f4 a5 20. Rf1 Bg7 21. bxa5 Nxa5
22. Qd1 Nc6 23. f5 Nd8 24. Qf3 d5 25. Be3 Rc7 26. fxg6 fxg6 27. exd5 Rxc3 28.
N3e4 Nxe4 29. Nxe4 Rxd3 30. Qe2 Rda3 31. Bc5 R3a6 32. Bb4 Kh8 33. Qd2 Qg8 34.
Rfd1 Bc8 35. h3 Nb7 36. g4 Nd8 37. Rdc1 Bb7 38. Rd1 Bc8 39. Be7 R6a7 40. Nf6
Qf7 41. Bxd8 Bxf6 42. Rf1 Bxd8 43. Rxf7 Rxf7 44. Rf1 Bb6+ 45. Kg2 Rxf1 46. Kxf1
Ra4 47. Qc3 1-0

[Event "Travemuende op"]
[Site "Travemuende"]
[Date "1995.??.??"]
[Round "2"]
[White "Hamann, Svend"]
[Black "Balashov, Yuri S"]
[Result "0-1"]
[WhiteElo "2365"]
[BlackElo "2505"]
[PlyCount "52"]
[EventDate "1995.??.??"]
[EventType "swiss"]
[EventRounds "7"]
[EventCountry "GER"]
[SourceTitle "EXT 1998"]
[Source "ChessBase"]
[SourceDate "1997.11.17"]
[SourceVersion "1"]
[SourceVersionDate "1997.11.17"]
[SourceQuality "1"]

1. e4 e5 2. Nf3 Nc6 3. Bb5 a6 4. Bxc6 dxc6 5. O-O Qd6 6. b3 f6 7. Bb2 Ne7 8. d4
exd4 9. Qxd4 Qxd4 10. Bxd4 Bg4 11. Nbd2 O-O-O 12. h3 Be6 13. Rfe1 Ng6 14. Rad1
Bb4 15. Be3 Rhe8 16. Rf1 Bg8 17. Kh2 Rd7 18. g3 Red8 19. Rfe1 Ne5 20. Nxe5 fxe5
21. Re2 h6 22. f3 c5 23. c4 b5 24. cxb5 axb5 25. a3 Bxa3 26. Ra1 Bb4 0-1

[Event "Moscow2"]
[Site "Moscow"]
[Date "1995.??.??"]
[Round "?"]
[White "Balashov, Yuri S"]
[Black "Serper, Grigory"]
[Result "1-0"]
[WhiteElo "2505"]
[BlackElo "2585"]
[PlyCount "87"]
[EventDate "1995.04.??"]
[EventType "tourn"]
[EventRounds "9"]
[EventCountry "RUS"]
[EventCategory "11"]
[SourceTitle "CBM 047"]
[Source "ChessBase"]
[SourceDate "1995.08.01"]
[SourceVersion "1"]
[SourceVersionDate "1995.08.01"]
[SourceQuality "1"]

1. e4 c5 2. Nf3 d6 3. g3 Nc6 4. Bg2 g6 5. O-O Bg7 6. d3 Bg4 7. Nbd2 Nf6 8. h3
Bxf3 9. Nxf3 O-O 10. Re1 Nd7 11. c3 b5 12. a3 a5 13. d4 Rb8 14. Bf4 cxd4 15.
cxd4 Nb6 16. Bf1 b4 17. axb4 axb4 18. Bb5 Rc8 19. d5 Ne5 20. Nxe5 Bxe5 21. Bxe5
dxe5 22. Qb3 Qd6 23. Ra6 Ra8 24. Rxa8 Rxa8 25. Rc1 Rc8 26. Rc6 Rxc6 27. dxc6
Qc5 28. Qd3 Kg7 29. Kg2 Kf6 30. Kf3 Ke6 31. Ba6 Kf6 32. Bb7 Ke6 33. b3 Qd4 34.
Qc2 Qc3+ 35. Qxc3 bxc3 36. Ke3 f5 37. c7 Kd7 38. c8=Q+ Nxc8 39. Bxc8+ Kxc8 40.
Kd3 Kc7 41. Kxc3 Kc6 42. Kc4 fxe4 43. b4 h5 44. h4 1-0

[Event "Eupen op rapid"]
[Site "Eupen"]
[Date "1995.??.??"]
[Round "6"]
[White "Vescovi, Giovanni P"]
[Black "Balashov, Yuri S"]
[Result "0-1"]
[WhiteElo "2465"]
[BlackElo "2505"]
[PlyCount "84"]
[EventDate "1995.04.08"]
[EventType "swiss (rapid)"]
[EventRounds "7"]
[EventCountry "BEL"]
[SourceTitle "EXT 1997"]
[Source "ChessBase"]
[SourceDate "1996.11.15"]
[SourceVersion "1"]
[SourceVersionDate "1996.11.15"]
[SourceQuality "1"]

1. d4 Nf6 2. Nf3 e6 3. Bg5 c5 4. c3 Be7 5. e3 b6 6. Nbd2 Bb7 7. Bd3 h6 8. Bh4
d6 9. O-O O-O 10. Qe2 Nbd7 11. Rfd1 Nh5 12. Bg3 Nxg3 13. hxg3 Qc7 14. e4 Bf6
15. Qe3 Rfd8 16. Nf1 e5 17. d5 Nf8 18. Qe2 a6 19. Ne3 Bc8 20. Nf5 h5 21. g4
hxg4 22. Nh2 g6 23. Nxg4 Bg5 24. g3 gxf5 25. exf5 f6 26. Kg2 Rd7 27. f4 exf4
28. gxf4 Rg7 29. Kg3 Qf7 30. fxg5 Rxg5 31. Kf4 Qg7 32. Rg1 Bxf5 33. Bxf5 Rxf5+
34. Kxf5 Qg5+ 35. Ke4 Ng6 36. Nxf6+ Qxf6 37. Qh5 Qf4+ 38. Kd3 c4+ 39. Ke2 Qe4+
40. Kf2 Rf8+ 41. Kg3 Qe3+ 42. Kg4 Qf3+ 0-1

[Event "Passau op 3rd"]
[Site "Passau"]
[Date "1995.??.??"]
[Round "?"]
[White "Vogel, Robert"]
[Black "Balashov, Yuri S"]
[Result "0-1"]
[WhiteElo "2300"]
[BlackElo "2505"]
[PlyCount "56"]
[EventDate "1995.04.14"]
[EventType "swiss"]
[EventRounds "7"]
[EventCountry "GER"]
[SourceTitle "EXT 1999"]
[Source "ChessBase"]
[SourceDate "1998.11.16"]
[SourceVersion "1"]
[SourceVersionDate "1998.11.16"]
[SourceQuality "1"]

1. d4 g6 2. c4 Bg7 3. Nc3 d6 4. e4 Nd7 5. f4 e5 6. Nf3 exd4 7. Nxd4 Ngf6 8. Be2
O-O 9. O-O Re8 10. Bf3 Nc5 11. Re1 c6 12. Rb1 Nfxe4 13. Nxe4 Nxe4 14. Bxe4 d5
15. Nxc6 bxc6 16. Bc2 Bg4 17. Rxe8+ Qxe8 18. Qd2 dxc4 19. h3 Rd8 20. Qa5 Rd5
21. Qb4 Qe2 22. Qb8+ Bf8 23. f5 Re5 24. Bh6 Re8 25. Qf4 Qxc2 26. Rc1 Qxf5 27.
hxg4 Bxh6 28. Qxh6 Qxg4 0-1

[Event "Novgorod op"]
[Site "Novgorod"]
[Date "1995.??.??"]
[Round "2"]
[White "Zaharov, Aleksandr E"]
[Black "Balashov, Yuri S"]
[Result "0-1"]
[WhiteElo "2305"]
[BlackElo "2505"]
[PlyCount "62"]
[EventDate "1995.05.??"]
[EventType "swiss"]
[EventRounds "9"]
[EventCountry "RUS"]
[SourceTitle "EXT 2000"]
[Source "ChessBase"]
[SourceDate "1999.11.16"]
[SourceVersion "1"]
[SourceVersionDate "1999.11.16"]
[SourceQuality "1"]

1. e4 e5 2. Nf3 Nc6 3. Bb5 a6 4. Ba4 Nf6 5. Qe2 Be7 6. Bxc6 dxc6 7. b3 Nd7 8.
Bb2 Bd6 9. d3 O-O 10. Nbd2 Re8 11. O-O Nf8 12. Nc4 Ng6 13. d4 exd4 14. Bxd4 Bg4
15. h3 Bh5 16. Rad1 Qc8 17. Qe3 Bf4 18. Qd3 Bh6 19. Rfe1 Qe6 20. Bb2 Nf4 21.
Qf1 Nxh3+ 22. Kh1 Bxf3 23. gxf3 Nf4 24. Ne3 Qg6 25. Ng4 Qh5+ 26. Kg1 Re6 27.
Rd7 Nh3+ 28. Kg2 Rg6 29. Rxc7 Bf4 30. Rxb7 Qh4 31. Qe2 h5 0-1

[Event "Novgorod op"]
[Site "Novgorod"]
[Date "1995.??.??"]
[Round "5"]
[White "Balashov, Yuri S"]
[Black "Borisenko, Andrei"]
[Result "1-0"]
[WhiteElo "2505"]
[BlackElo "2420"]
[PlyCount "119"]
[EventDate "1995.05.??"]
[EventType "swiss"]
[EventRounds "9"]
[EventCountry "RUS"]
[SourceTitle "EXT 2000"]
[Source "ChessBase"]
[SourceDate "1999.11.16"]
[SourceVersion "1"]
[SourceVersionDate "1999.11.16"]
[SourceQuality "1"]

1. c4 c5 2. Nf3 b6 3. Nc3 Bb7 4. e3 e6 5. d4 Nf6 6. d5 d6 7. e4 Be7 8. g3 exd5
9. exd5 O-O 10. Bg2 a6 11. a4 Bc8 12. O-O Nbd7 13. Re1 Re8 14. h3 Bf8 15. Bf4
Rxe1+ 16. Qxe1 Ne8 17. Qd2 Ndf6 18. Ne1 Bd7 19. Nc2 Rb8 20. Qe2 Nc7 21. Na3 Qe8
22. Qxe8 Nfxe8 23. Bf1 g6 24. Rc1 Bg7 25. b3 Bd4 26. Kg2 f6 27. g4 Kf7 28. Bd3
Bxc3 29. Rxc3 b5 30. axb5 axb5 31. Rc1 bxc4 32. Bxc4 Ra8 33. Nc2 Bb5 34. Ne3
Bxc4 35. bxc4 Ke7 36. h4 Ra4 37. h5 Kf7 38. Rb1 Rb4 39. Ra1 Rb7 40. Kf3 Kf8 41.
Bg3 Kf7 42. Ke2 Kf8 43. Kd3 Kf7 44. Kc3 Kg7 45. hxg6 hxg6 46. Nf1 Kf7 47. Nd2
f5 48. g5 Kg7 49. Nb3 Kf7 50. Nc1 Rb6 51. Nd3 Na6 52. Nf4 Ng7 53. Rh1 Nb4 54.
Rh7 Kg8 55. Rh6 Na2+ 56. Kc2 Nb4+ 57. Kd2 Ra6 58. Rxg6 Kf7 59. Rf6+ Kg8 60. Ng6
1-0

[Event "Novgorod op"]
[Site "Novgorod"]
[Date "1995.??.??"]
[Round "7"]
[White "Balashov, Yuri S"]
[Black "Managadze, Nikoloz"]
[Result "1-0"]
[WhiteElo "2505"]
[BlackElo "2305"]
[PlyCount "101"]
[EventDate "1995.05.??"]
[EventType "swiss"]
[EventRounds "9"]
[EventCountry "RUS"]
[SourceTitle "EXT 2000"]
[Source "ChessBase"]
[SourceDate "1999.11.16"]
[SourceVersion "1"]
[SourceVersionDate "1999.11.16"]
[SourceQuality "1"]

1. c4 e5 2. Nc3 Nf6 3. Nf3 Nc6 4. a3 Be7 5. e3 O-O 6. Qc2 d5 7. cxd5 Nxd5 8.
Bb5 Nxc3 9. bxc3 Bd6 10. d4 Qe7 11. Bb2 a6 12. Be2 Re8 13. O-O Bg4 14. h3 Bd7
15. Rfe1 e4 16. Nd2 Nd8 17. Nc4 Qg5 18. Kh1 Bf5 19. Nxd6 cxd6 20. d5 Qh4 21.
Bf1 f6 22. c4 Nf7 23. Rec1 Rac8 24. f4 Qg3 25. Qe2 g5 26. fxg5 fxg5 27. Qe1
Qxe1 28. Rxe1 Ne5 29. Bxe5 Rxe5 30. Rab1 Re7 31. Rb6 Rd8 32. Be2 Bc8 33. Rf1
Kg7 34. Kh2 Rc7 35. Kg3 h6 36. h4 gxh4+ 37. Kxh4 Rf7 38. Rxf7+ Kxf7 39. Bg4
Bxg4 40. Kxg4 Rd7 41. Kf5 Ke7 42. Kxe4 Kd8 43. Kd4 Kc7 44. c5 dxc5+ 45. Kxc5
Rg7 46. Rxh6 Rxg2 47. Rh7+ Kb8 48. e4 Re2 49. d6 Rc2+ 50. Kd5 Rd2+ 51. Ke6 1-0

[Event "RUS-ch"]
[Site "Elista"]
[Date "1995.??.??"]
[Round "8"]
[White "Balashov, Yuri S"]
[Black "Smagin, Sergey"]
[Result "1-0"]
[WhiteElo "2490"]
[BlackElo "2545"]
[PlyCount "79"]
[EventDate "1995.10.??"]
[EventType "swiss"]
[EventRounds "11"]
[EventCountry "RUS"]
[SourceTitle "CBM 050"]
[Source "ChessBase"]
[SourceDate "1996.02.01"]
[SourceVersion "1"]
[SourceVersionDate "1996.02.01"]
[SourceQuality "1"]

1. e4 c6 2. Nc3 d5 3. Nf3 Bg4 4. h3 Bxf3 5. Qxf3 e6 6. d4 Qb6 7. Bd3 Nf6 8. O-O
Qxd4 9. exd5 Nxd5 10. Rd1 Qf6 11. Qg3 Nd7 12. Nxd5 cxd5 13. Bg5 Qxb2 14. Rab1
Qa3 15. Rxb7 Bd6 16. Bf4 Bxf4 17. Qxf4 a6 18. Rdb1 Rd8 19. Rxd7 Rxd7 20. Rb8+
Rd8 21. Rxd8+ Kxd8 22. Qb8+ Ke7 23. Qxh8 Qc1+ 24. Bf1 Qxc2 25. Qxg7 Qxa2 26.
Qxh7 a5 27. g4 a4 28. g5 Qd2 29. Qh4 a3 30. g6+ f6 31. Qh7+ Kd6 32. Qh5 a2 33.
g7 a1=Q 34. g8=Q Qa7 35. Qd8+ Kc6 36. Qxf6 Qe1 37. Qe2 Qxe2 38. Bxe2 Kd6 39.
Bg4 Qd7 40. h4 1-0

[Event "Moscow op2"]
[Site "Moscow"]
[Date "1995.??.??"]
[Round "3"]
[White "Balashov, Yuri S"]
[Black "Baikov, Vladimir A"]
[Result "1-0"]
[WhiteElo "2490"]
[BlackElo "2370"]
[PlyCount "111"]
[EventDate "1995.11.??"]
[EventType "swiss"]
[EventRounds "9"]
[EventCountry "RUS"]
[SourceTitle "CBM 050 Extra"]
[Source "ChessBase"]
[SourceDate "1996.03.01"]
[SourceVersion "1"]
[SourceVersionDate "1996.03.01"]
[SourceQuality "1"]

1. b3 e5 2. Bb2 Nc6 3. e3 Nf6 4. c4 d5 5. cxd5 Nxd5 6. a3 Bd6 7. Qc2 O-O 8. Nf3
Qe7 9. d3 a5 10. g3 Be6 11. Nbd2 Nb6 12. Bg2 Rfd8 13. O-O f6 14. Rfe1 Qf7 15.
Rac1 Rd7 16. Nc4 Nxc4 17. bxc4 Bc5 18. Qb3 Ra6 19. Nd2 Rb6 20. Qc2 Qf8 21. Ra1
Qd8 22. Ne4 Bf8 23. Rad1 a4 24. Nc3 Rb3 25. Nxa4 Rbxd3 26. Rxd3 Rxd3 27. Bd5
Rxd5 28. cxd5 Qxd5 29. Nc3 Qf3 30. Qe4 Qxe4 31. Nxe4 Na5 32. Bc3 Nb3 33. a4 b6
34. Rb1 Kf7 35. Bxe5 fxe5 36. Ng5+ Ke7 37. Nxe6 Kxe6 38. Rxb3 Kd5 39. Rc3 Bc5
40. f3 c6 41. Kf2 b5 42. axb5 cxb5 43. Ke2 b4 44. Rc1 Kc6 45. Kd3 Kb5 46. f4
exf4 47. exf4 h6 48. Re1 b3 49. Re8 Bb4 50. Rb8+ Kc5 51. Rg8 b2 52. Kc2 Bc3 53.
Rc8+ Kd4 54. Rc7 g5 55. fxg5 hxg5 56. Rg7 1-0

[Event "Moscow op2"]
[Site "Moscow"]
[Date "1995.??.??"]
[Round "5"]
[White "Balashov, Yuri S"]
[Black "Guliev, Logman"]
[Result "1-0"]
[WhiteElo "2490"]
[BlackElo "2375"]
[PlyCount "51"]
[EventDate "1995.11.??"]
[EventType "swiss"]
[EventRounds "9"]
[EventCountry "RUS"]
[SourceTitle "CBM 050 Extra"]
[Source "ChessBase"]
[SourceDate "1996.03.01"]
[SourceVersion "1"]
[SourceVersionDate "1996.03.01"]
[SourceQuality "1"]

1. e4 c5 2. Ne2 d6 3. g3 g6 4. Bg2 Bg7 5. c3 Nc6 6. d4 cxd4 7. cxd4 Nf6 8. Nbc3
O-O 9. O-O Bd7 10. h3 Rc8 11. Be3 Na5 12. b3 b5 13. a3 Rb8 14. Na2 Bc8 15. Rc1
e6 16. d5 Ra8 17. Nd4 Qe8 18. Nb4 Nb7 19. Na6 Qd7 20. Rc7 Qe8 21. dxe6 fxe6 22.
Rxg7+ Kxg7 23. Nc7 Qd7 24. Ncxe6+ Kg8 25. Nxf8 Kxf8 26. Bg5 1-0

[Event "Moscow op2"]
[Site "Moscow"]
[Date "1995.??.??"]
[Round "7"]
[White "Balashov, Yuri S"]
[Black "Hamgokov, Artur"]
[Result "1-0"]
[WhiteElo "2490"]
[BlackElo "2325"]
[PlyCount "147"]
[EventDate "1995.11.??"]
[EventType "swiss"]
[EventRounds "9"]
[EventCountry "RUS"]
[SourceTitle "CBM 050 Extra"]
[Source "ChessBase"]
[SourceDate "1996.03.01"]
[SourceVersion "1"]
[SourceVersionDate "1996.03.01"]
[SourceQuality "1"]

1. c4 f5 2. g3 Nf6 3. Bg2 g6 4. Nc3 d6 5. d3 Bg7 6. f4 O-O 7. Nf3 c6 8. O-O e5
9. Kh1 Qc7 10. c5 dxc5 11. Nxe5 Qe7 12. e4 Be6 13. Be3 Na6 14. Qe2 Rfd8 15.
Rad1 Nd7 16. Nf3 c4 17. dxc4 fxe4 18. Nxe4 Bg4 19. Nf2 Nf6 20. h3 Nh5 21. Kh2
Bxf3 22. Bxf3 Re8 23. Rfe1 Nf6 24. a3 Qf7 25. Qc2 Nc7 26. Bd4 Ne6 27. Bc3 Rad8
28. Bg4 Rxd1 29. Qxd1 Nf8 30. Rxe8 Nxe8 31. Bxg7 Nxg7 32. Be2 g5 33. Ng4 Qe7
34. fxg5 Qxg5 35. Qd6 Nge6 36. h4 Qg7 37. Qd2 Kh8 38. Nf2 Qe5 39. Kg2 Nd4 40.
Bd3 Nfe6 41. Ne4 Nf5 42. Qf2 Kg7 43. Bb1 h6 44. Kh3 Nfd4 45. b4 b6 46. Nd2 Kg8
47. Bd3 Kg7 48. Kg2 a5 49. Ne4 axb4 50. axb4 b5 51. c5 Nf5 52. Kh3 Ned4 53. Bb1
Ne7 54. Nd6 Qe6+ 55. Kg2 Qe2 56. Be4 Qxf2+ 57. Kxf2 Kf6 58. Ke3 Ne6 59. g4 Nc7
60. Kd4 Ne6+ 61. Kc3 Nc7 62. Nf5 Ncd5+ 63. Kb3 Nxf5 64. Bxf5 Ke5 65. Bd7 Ne7
66. g5 hxg5 67. hxg5 Kd5 68. Kc3 Ng6 69. Be8 Ne7 70. g6 Nf5 71. Bd7 Ng7 72. Kd3
Nh5 73. Ke3 Ng7 74. Bh3 1-0

[Event "Krasnodar op"]
[Site "Krasnodar"]
[Date "1996.??.??"]
[Round "7"]
[White "Balashov, Yuri S"]
[Black "Daniliuk, Sergey"]
[Result "1-0"]
[WhiteElo "2480"]
[BlackElo "2400"]
[PlyCount "97"]
[EventDate "1996.??.??"]
[EventType "swiss"]
[EventRounds "11"]
[EventCountry "RUS"]
[SourceTitle "EXT 2000"]
[Source "ChessBase"]
[SourceDate "1999.11.16"]
[SourceVersion "1"]
[SourceVersionDate "1999.11.16"]
[SourceQuality "1"]

1. Nf3 Nf6 2. c4 g6 3. Nc3 d5 4. cxd5 Nxd5 5. e3 Bg7 6. Bc4 Nxc3 7. bxc3 c5 8.
O-O O-O 9. Qe2 Qc7 10. h3 Nc6 11. d4 b6 12. Bb2 e5 13. dxc5 bxc5 14. e4 Na5 15.
Bd5 Bb7 16. Rad1 Rad8 17. Rfe1 Rfe8 18. Ba3 Bxd5 19. Rxd5 Rxd5 20. exd5 e4 21.
Nd2 Bxc3 22. Nxe4 Rxe4 23. Qxe4 Bxe1 24. Qe8+ Kg7 25. Qxe1 Nb7 26. Qe8 f6 27.
Bb2 Nd8 28. g4 g5 29. Kg2 Qd6 30. Qe4 Nf7 31. Bc1 Qe5 32. Qc4 Qd4 33. Qxd4 cxd4
34. Kf3 Nd6 35. Ke2 Ne4 36. f3 Nc3+ 37. Kd3 Kf7 38. Bd2 Nxd5 39. Kxd4 Ke6 40.
Kc5 Ke5 41. a4 h6 42. a5 a6 43. Bc1 Ke6 44. Bb2 Nf4 45. Kb6 Kd5 46. Kxa6 Kc6
47. Ka7 Nxh3 48. a6 Nf4 49. Kb8 1-0